Things That Might 'Cross' Your Mind Quiz Stats

 Plays Quiz Updated Sep 14, 2012

Also try: Sporcle Crossing!
Challenge
Share
Tweet
Embed
Score 0/19 Timer 06:00
0 Plays Today
Hint Answer % Correct
You might look like this when staring at something right in front of youCross Eyed
95.7%
You might do this when you need good luck or you're lyingCross Your Fingers
92.8%
A hybrid animal, usually refering to dogs. What a cute labradoodle!Crossbreed
91.9%
When someone wears clothes meant for the opposite genderCross Dress
91.5%
America's premier emergency relief organization. American Red Cross
91.3%
A mechanical weapon that shoots arrows, used in Medieval timesCrossbow
90.1%
Civilians don't want to be caught in this during a warCrossfire
88.6%
Designated pathway on streets for pedestriansCross walk
86.2%
A lengthy race of running, skiing or cycling over open terrainCross Country
85.8%
A rugged sport that includes the use of a small rubber ball and netted sticksLacrosse
83.8%
Hint Answer % Correct
Widely used method of hand-sewingCross Stitch
82.1%
The interrogation of a witness called by the opponent in courtCross Examination
82.1%
When someone betrays or backstabs anotherDouble Cross
74.4%
A method to simplify an equation of two fractionsCross Multiplication
72.5%
A couple whose relationship is doomed by outside forces. Oh Romeo!Star-Crossed Lovers
69.3%
A sniper uses this to aim from long distances, also known as a reticleCrosshairs
64.6%
One of the most classic jokes/riddles of all timeWhy did the chicken cross the road?
57.6%
A classic nursery rhyme involving pastries and penniesHot Cross Buns
55.5%
You will get many of these when cutting a geometric shape into slicesCross Sections
44.3%

You're not logged in!

Compare scores with friends on all Sporcle quizzes.
OR
Log In

You Might Also Like...

Show Comments

Extras

Top Quizzes Today


Score Distribution

Your Account Isn't Verified!

In order to create a playlist on Sporcle, you need to verify the email address you used during registration. Go to your Sporcle Settings to finish the process.

Report this User

Report this user for behavior that violates our Community Guidelines.

Details: